000 00540nam a2200193Ia 4500
003 IIN
005 20240129164738.0
008 231217s9999 xx 000 0 und d
020 _cRs.750.00
_a9789389261912
040 _aIIN
_bEnglish
082 _a616.890231
_bPRA
100 1 _aPrakash, P.
245 1 _aTextbook of Mental Health & Psychiatric Nursing for B.Sc Students
_cP. Prakash
260 _bCBS
_aNew Delhi
_c2022
300 _axxiii, 480 p.
650 1 _aMental Health
_vNursing
650 1 _aPsychiatric Nursing
942 _cBOOK
999 _c1624
_d1624